Praktické cvičenia z veterinárnej starostlivosti o životné prostredie /
Uložené v:
| Hlavný autor: | |
|---|---|
| Médium: | Kniha |
| Jazyk: | Slovak |
| Vydané: |
Košice :
Magnus spol. s r.o.,
1993.
|
| Vydanie: | 1. vyd. |
| Témy: | |
| ISBN: |
8085569264 (brož.) |
| Fyzický popis: |
153 s. |
| Tagy: |
Pridať tag
Žiadne tagy, Buďte prvý kto otaguje tento záznam!
|
Titul je dostupný aj v ... 

MARC
| LEADER | 00000nam a2200000 a 4500 | ||
|---|---|---|---|
| 001 | 000072829 | ||
| 003 | SVKK | ||
| 005 | 20111007085439.0 | ||
| 008 | 990616s1993 xo f p 000 0 slo d | ||
| 020 | |a 8085569264 (brož.) | ||
| 040 | |a SVKKK |b slo |c SVKKK |e AACR2 | ||
| 041 | 0 | |a slo | |
| 044 | |a xo |c SK | ||
| 080 | |a 619:504(075.8) |2 1997 | ||
| 080 | |a 614.9:504(075.8) |2 1997 | ||
| 245 | 0 | 0 | |a Praktické cvičenia z veterinárnej starostlivosti o životné prostredie / |c M. Ondrašovič ... [et al.]. |
| 250 | |a 1. vyd. | ||
| 260 | |a Košice : |b Magnus spol. s r.o., |c 1993. | ||
| 300 | |a 153 s. | ||
| 653 | 0 | |a lekárstvo veterinárne |2 SVKKKPH | |
| 653 | 0 | |a prostredie životné |2 SVKKKPH | |
| 653 | 0 | |a učebnice VŠ |2 SVKKKPH | |
| 655 | 7 | |a učebnice vysokých škôl |2 SVKKKPH | |
| 700 | 1 | |a Ondrašovič, Miloslav |4 aut | |
| 910 | |a svkkk | ||
| 919 | |a 80-85569-26-4 | ||
| 974 | |a UH |d 19990616 | ||
| 974 | |a PA |d 19990616 | ||
| 974 | |a UH |d 20010430 | ||
| 998 | |a BK | ||
| 090 | |g SCKHL |k Sklad Pribinova 3. posch. |a V.189138 |j 871804 |i 2720133215 |4 Multiplikát |s Vyradená | ||
| 090 | |g SCKHL |k Sklad Pribinova 3. posch. |a V.189139 |j 871805 |i 2720135312 |s Absenčne | ||
| 090 | |g SCKHL |k Sklad Pribinova 3. posch. |a V.189140 |j 871806 |i 2720135217 |s Povinný výt. | ||